El efecto del descenso de la fecundidad en los requerimientos educativos a nivel nacional, México, 1970-2000 : (Record no. 18593)

MARC details
000 -CABECERA
campo de control de longitud fija 00931nam a2200205 a 4500
005 - FECHA Y HORA DE LA ÚLTIMA TRANSACCIÓN
campo de control 20240924064332.0
008 - ELEMENTOS DE LONGITUD FIJA--INFORMACIÓN GENERAL
campo de control de longitud fija 991125s1988 mx 000 0 spa u
035 ## - NÚMERO DE CONTROL DEL SISTEMA
Número de control de sistema UPN01000018593
049 ## - COLECCIÓN
Colección CG
050 #4 - SIGNATURA TOPOGRÁFICA DE LA BIBLIOTECA DEL CONGRESO
Número de clasificación LB2806
Número de documento/Ítem C6.4
110 2# - ASIENTO PRINCIPAL--NOMBRE CORPORATIVO
Nombre de entidad corporativa o nombre de jurisdicción como elemento de entrada Consejo Nacional de Población (México)
245 13 - MENCIÓN DE TÍTULO
Título El efecto del descenso de la fecundidad en los requerimientos educativos a nivel nacional, México, 1970-2000 :
Resto del título informe técnico /
Mención de responsabilidad, etc. Consejo Nacional de Población.
260 ## - PUBLICACIÓN, DISTRIBUCIÓN, ETC.
Lugar de publicación, distribución, etc. México :
Nombre del editor, distribuidor, etc. CONAPO, Dirección General de Estudio de Población :
-- SEP,
Fecha de publicación, distribución, etc. 1988.
300 ## - DESCRIPCIÓN FÍSICA
Extensión 150 h.
440 #0 - MENCIÓN DE SERIE/ASIENTO SECUNDARIO--TÍTULO
Título Serie de estudios prospectivos
500 ## - NOTA GENERAL
Nota general "Proyecto realizado en colaboración con la Dirección General de Programación de la Secretaría de Educación Pública y el Research Triangle Institute (RTI)"
650 #4 - ASIENTO SECUNDARIO DE MATERIA - TERMINO TEMATICO
Término de materia o nombre geográfico como elemento de entrada Demografía
Subdivisión geográfica Distrito Federal (México)
9 (RLIN) 13254
650 #4 - ASIENTO SECUNDARIO DE MATERIA - TERMINO TEMATICO
Término de materia o nombre geográfico como elemento de entrada Educación
Subdivisión general Planificación
9 (RLIN) 1146
905 ## - TIPO DE MATERIAL
Tipo de material Libro
Holdings
Estado de retiro Estado de pérdida Fuente del sistema de clasificación o colocación Estado dañado No para préstamo Código de colección Localización permanente Ubicación/localización actual Ubicación en estantería Total de préstamos Clasificación Código de barras Fecha visto por última vez Número de copia Tipo de ítem Koha
    Library of Congress Classification     Colección General Bib. Gregorio Torres Quintero Bib. Gregorio Torres Quintero Planta baja   LB2806 C6.4 81025 31/12/2020 1 Libro